Guamán Poma, indigenismo y estética de la dependencia en la cultura peruana
Kaydedildi:
| Yazar: | |
|---|---|
| Materyal Türü: | Kitap |
| Dil: | İspanyolca |
| Baskı/Yayın Bilgisi: |
Minneapolis
Institute for the Study of Ideologies and Literatures
1989
|
| Seri Bilgileri: | Series Towards a social history of hispanic and Luso-Brazilian Literatures
|
| Konular: | |
| Etiketler: |
Etiketle
Etiket eklenmemiş, İlk siz ekleyin!
|
MARC
| LEADER | 00000nam a2200000 a 4500 | ||
|---|---|---|---|
| 001 | UCX1540 | ||
| 003 | CL-VaPUC | ||
| 008 | 900924e19890000US |||||||||||||||||spa|d | ||
| 082 | 0 | 4 | |a 985.01 |b ZAP |2 21 |
| 100 | 0 | |a Zapata, Roger A |e author |9 317073 | |
| 245 | 1 | 0 | |a Guamán Poma, indigenismo y estética de la dependencia en la cultura peruana |
| 300 | |a 218 p | ||
| 942 | |c BK | ||
| 945 | |d 19900924 00:00:00 | ||
| 260 | |a Minneapolis |b Institute for the Study of Ideologies and Literatures |c 1989 | ||
| 600 | 0 | 7 | |a GUAMAN POMA DE AYALA, FELIPE |2 CL-VaPUC |9 257451 |
| 650 | 7 | |a INCAS |2 CL-VaPUC |9 256565 | |
| 650 | 0 | |a Indios de América del Sur |x Vida social y costumbres |9 317074 | |
| 650 | 7 | |a HISTORIA HASTA 1820 |2 CL-VaPUC |9 317075 | |
| 651 | 0 | |a Perú |9 256567 | |
| 583 | |a last modification |c 20160907 09:06:07 |k Rodrigo Vera | ||
| 490 | 0 | |a Series Towards a social history of hispanic and Luso-Brazilian Literatures | |
| 999 | |c 222745 |d 222743 | ||
| 952 | |0 0 |1 0 |4 0 |6 985_010000000000000_ZAP_1989 |7 0 |8 A |9 217906 |a BIBHIS |b BIBHIS |d 2019-11-15 |i 2867729 |o 985.01 ZAP 1989 |p 2867729 |r 2025-01-20 |w 2019-11-15 |y BK |k HIS | ||
| 952 | |0 0 |1 0 |4 0 |6 985_010000000000000_ZAP_1989 |7 0 |8 A |9 217907 |a BIBART |b BIBART |d 2019-11-15 |i 4202740 |l 3 |m 1 |o 985.01 ZAP 1989 |p 4202740 |r 2025-03-13 |s 2022-11-09 |w 2019-11-15 |y BK |k ART | ||